[Event "Saint Louis Blitz 2018"]
[Site "Saint Louis USA"]
[Date "2018.08.14"]
[Round "8.1"]
[White "Caruana, Fabiano"]
[Black "Karjakin, Sergey"]
[Result "1-0"]
[WhiteTitle "GM"]
[BlackTitle "GM"]
[WhiteElo "2822"]
[BlackElo "2773"]
[WhiteFideId "2020009"]
[BlackFideId "14109603"]
[EventDate "2018.08.14"]

1. c4 Nf6 2. Nc3 e5 3. Nf3 Nc6 4. a3 d5 5. cxd5 Nxd5 6. e3 Nxc3 7. bxc3 e4 8.
Nd4 Ne5 9. Qc2 f5 10. c4 c5 11. Nb5 Be7 12. Bb2 Bf6 13. Rd1 O-O 14. d4 cxd4 15.
Bxd4 Qe7 16. c5 Be6 17. Qc3 Nc6 18. Bxf6 Qxf6 19. Qxf6 Rxf6 20. Nc7 Raf8 21.
Nxe6 Rxe6 22. Bc4 Re8 23. Rd7 b5 24. cxb6 axb6 25. Rd6 1-0

[Event "Saint Louis Blitz 2018"]
[Site "Saint Louis USA"]
[Date "2018.08.15"]
[Round "10.1"]
[White "Caruana, Fabiano"]
[Black "So, Wesley"]
[Result "1/2-1/2"]
[WhiteTitle "GM"]
[BlackTitle "GM"]
[WhiteElo "2822"]
[BlackElo "2780"]
[WhiteFideId "2020009"]
[BlackFideId "5202213"]
[EventDate "2018.08.14"]

1. d4 Nf6 2. c4 e6 3. Nc3 Bb4 4. e3 O-O 5. Ne2 Re8 6. a3 Bf8 7. d5 d6 8. g3 exd5
9. cxd5 c5 10. Bg2 Nbd7 11. O-O c4 12. Nd4 Nc5 13. Qe2 Nd3 14. b3 Nxc1 15. Rfxc1
cxb3 16. Rab1 Nd7 17. Nxb3 b6 18. Nd4 Nc5 19. Nc6 Qf6 20. Nb5 Ba6 21. h4 g6 22.
Qc2 Bxb5 23. Rxb5 h5 24. a4 Bg7 25. a5 bxa5 26. Rxa5 a6 27. Rb1 Qc3 28. Qxc3
Bxc3 29. Ra3 Bf6 30. Bf1 Ne4 31. Rb7 a5 32. Nxa5 Bc3 33. Nc4 Rxa3 34. Nxa3 Ra8
35. Nc4 Ra2 36. Bd3 Nxf2 37. Bb1 Ra4 38. Nxd6 Ng4 39. Nxf7 Ne5 40. Nxe5 Bxe5 41.
Bxg6 Bxg3 42. Kg2 Be5 43. Bxh5 Rxh4 44. Bf7+ Kg7 45. Be6+ Kf6 46. Rf7+ Kg6 47.
Kf3 Bd6 48. Rd7 Bc5 49. Rc7 Bb4 50. Bg4 Kf6 51. e4 Bd6 52. Rd7 Ke5 53. Rd8 Rh7
54. Bf5 Ra7 55. Kg4 Rg7+ 56. Kh5 Rg1 57. Re8+ Kd4 58. Re6 Kc5 59. Kh6 Bf4+ 60.
Kh7 Bd6 61. Bg6 Rg5 62. Kg7 Rg1 63. Kf7 Rf1+ 64. Bf5 Ra1 65. Re8 Kd4 66. Rc8 Ra6
67. Rc2 Ke5 68. Rc8 Ra7+ 69. Kg6 Ra6 70. Re8+ Kd4 71. Re6 Kc5 72. e5 Kxd5 73.
Bg4 Rb6 74. exd6 Rxd6 1/2-1/2